00905nam a2200253Ia 450000500170000000800410001702000150005804100080007308200200008111000650010124501340016625000220030030000400032249000200036265000270038265000280040965000300043770000280046726400330049533600270052833700330055533800280058804000350061620220316235603.0121119s2001 ck a gr 000 0 spa  a95830085750 aspa04a611.01816bG25g2 aAsociación Colombiana para el Avance de las Ciencias. ACAC13aEl genoma humano cAsociación Colombiana para el Avance de la Ciencia ( A.C.A.C.) ; asesor científico, Luis Alejandro Barrera aPrimera edición a120 páginasbilustracionesc23 cm0 aCiencia y Salud14aGenoma humano 2LEMB14aGenética humana2LEMB14aCódigo genético2LEMB1 aBarrera, Luis Alejandro aBogotábPanamericanac2001 atextobtxt2rdacontent asin mediaciónbn2rdamedia avolumenbnc2rdacarrier aCO-BoRNBPbspaerdacCO-BoRNBP